000 00960nam0a2200277 4500
001 RU\NLR\bibl\1341585
005 20250615170904.0
010 _a978-5-7024-2530-6
_930000
021 _aRU
_b2009-1780
_995
035 _a(NLR Aleph) 001326739
090 _a774574
_c774574
100 _a20090317d2009 |||y0rusy50 ca
101 1 _arus
_cund
102 _aRU
105 _ay |||||||||
200 1 _aТам где ты
_eроман
_fИрен Беллоу
210 _aМосква
_cПанорама
_d2009
215 _a189, [1] с.
_d17
225 1 _aПанорама романов о любви
_eпериодический литературно-художественный альманах
_v09-065
686 _aШ6(4Вл)67-440.4{Лх1299-50}
700 1 _4070
_7ca
_8rus
_aБеллоу
_bИ.
_gИрен
_9178211
_3RU\NLR\AUTH\770178262
801 0 _aRU
_bNLR
_c20090317
_gRCR
801 1 _aRU
_bNLR
_c20090317
942 _cBOOK
980 _aNB